Top 21 Usa states by population - Statistics

General Stats
  • This quiz has been taken 57 times
  • The average score is 17 of 21
Answer Stats
Answer % Correct
New York
100%
Texas
100%
California
98%
Florida
96%
Georgia
92%
North Carolina
90%
Pennsylvania
90%
Michigan
88%
Ohio
88%
Illinois
84%
Virginia
84%
Washington
84%
Tennessee
82%
Arizona
80%
Colorado
80%
Indiana
71%
Missouri
71%
New Jersey
69%
Massachusetts
67%
Wisconsin
67%
Maryland
57%
No matching quizzes found
Score Distribution
Percent of People with Each Score
Percentile by Number Answered
Your Score History
You have not taken this quiz